00515nam a2200169Ia 450000500170000000800410001702000150005808200210007324500450009426000710013926000530021030000170026365000110028065000100029170000200030170000240032120250109040217.0240331s9999 xx 000 0 und d a8185952604 bKUM24181a305.3 0aFrom Markets to Myths:bEssays on Gender aShimlabDeputy Secretary, Indian Institute of Advanced Studyc1999 aDelhibManohar Publishers and Distributorsc1999 axxx, 395 p., aGender aWomen aSangari, Keedt aChakravarti, Ueedt